| 000 | 01245cam a2200301 a 4500 | ||
|---|---|---|---|
| 005 | 20260322212027.0 | ||
| 008 | data | ||
| 010 | _a 97017614 | ||
| 020 | _a1558745157 (pbk. : alk. paper) | ||
| 020 | _a9781558745155 (pbk. : alk. paper) | ||
| 040 |
_aDLC _cDLC _dDLC |
||
| 050 | 0 | 0 |
_aHV881 _b.P45 1997 |
| 082 | 0 | 0 |
_aB _aB _221 |
| 100 | 1 | _aPelzer, David J. | |
| 245 | 1 | 4 |
_aThe lost boy : _ba foster child's search for the love of a family / _cDavid J. Pelzer. |
| 260 |
_aDeerfield Beach, Fla. : _bHealth Communications, _cc1997. |
||
| 300 |
_axi, 340 p. ; _c19 cm. |
||
| 600 | 1 | 0 | _aPelzer, David J. |
| 650 | 0 |
_aAbused children _zDaly City _zDaly City _vBiography. |
|
| 650 | 0 |
_aChildren of alcoholics _zDaly City _zDaly City _vBiography. |
|
| 650 | 0 |
_aAbusive mothers _xFamily relationships _zDaly City. _zDaly City. |
|
| 650 | 0 |
_aFamily violence _zDaly City. _zDaly City. |
|
| 650 | 0 |
_aFoster home care _zCalifornia _vCase studies. |
|
| 856 | 4 | 2 |
_3Publisher description _uhttp://www.loc.gov/catdir/enhancements/fy0727/97017614-d.html |
| 856 | 4 | 1 |
_3Sample text _uhttp://www.loc.gov/catdir/enhancements/fy0727/97017614-s.html |
| 856 | 4 | 2 |
_3Contributor biographical information _uhttp://www.loc.gov/catdir/enhancements/fy0735/97017614-b.html |
| 001 | data | ||
| 999 |
_c615 _d615 |
||